| 000 | 00852nam a2200277 i 4500 | ||
|---|---|---|---|
| 003 | DO-SdBNP | ||
| 005 | 20250623095634.0 | ||
| 007 | ta | ||
| 008 | 190718s1991 000 spa d | ||
| 040 |
_aDO-SdBNP _bspa _cBNPHU _erda |
||
| 041 | _aspa | ||
| 082 | 4 |
_a972.93054 _bO15t, 1991 _222 |
|
| 100 |
_aOcaña, Antonio, _eautor _4aut. _929507 |
||
| 242 | _a | ||
| 245 | 1 | 0 |
_aTestimonio para la historia / _cAntonio Ocaña |
| 250 | _aPrimera edición | ||
| 264 | 1 |
_aSanto Domingo : _bEditora Alfa & Omega, _c1991. |
|
| 300 |
_a432 páginas ; _c23 cm. |
||
| 336 |
_atexto _btxt _2rdacontent |
||
| 337 |
_asin mediación _bn _2rdamedia |
||
| 338 |
_avolumen _bnc _2rdacarrie |
||
| 590 | _aInventariado, 2020/VM | ||
| 651 | 4 |
_aRepública Dominicana _xHistoria _xRelatos personales _yRevolución, 1965 _92167 |
|
| 910 | _aVMateo | ||
| 942 |
_2ddc _cLBS1 |
||
| 999 |
_c48583 _d48583 |
||